The Hidden Value of a Man : The Incredible Impact of a Man on His Family / Gary Smalley, John Trent
Record details
- ISBN: 1-56179-122-9
- Physical Description: 180 s.
- Publisher: Colorado Springs, Colorado : Focus on the Family , 1992
Search for related items by subject
| Subject: | Man-united States- Psychology Communication in marriage-United States Communication in the family-united States Sex role-United States |
Available copies
- 1 of 1 copy available at Common Catalog SPOK.
Holds
- 0 current holds with 1 total copy.
Show All Copies
| Location | Call Number / Copy Notes | Barcode | Shelving Location | Status | Due Date |
|---|---|---|---|---|---|
| ETS Library | 305.32 | 424470020862 | Volný výběr | Available | - |
| LDR | nam a22 i 4500 | ||
|---|---|---|---|
| 001 | 58555 | ||
| 003 | CZ-PrJAB | ||
| 005 | 20250322213000.0 | ||
| 007 | ta | ||
| 008 | 250322s1992 us e 000 0 eng | ||
| 020 | . | ‡a1-56179-122-9 | |
| 040 | . | ‡aABG450 ‡bcze ‡erda | |
| 082 | 1 | 4. | ‡a305.32 |
| 100 | 1 | . | ‡aSmalley, Gary ‡4aut |
| 245 | 1 | 0. | ‡aThe Hidden Value of a Man : ‡bThe Incredible Impact of a Man on His Family / ‡nGary Smalley, John Trent |
| 264 | 1. | ‡aColorado Springs, Colorado : ‡bFocus on the Family , ‡c1992 | |
| 300 | . | ‡a180 s. | |
| 336 | . | ‡atext ‡btxt ‡2rdacontent | |
| 338 | . | ‡asvazek ‡bnc ‡2rdacarrier | |
| 650 | 7. | ‡aMan-united States- Psychology | |
| 650 | 7. | ‡aCommunication in marriage-United States | |
| 650 | 7. | ‡aCommunication in the family-united States | |
| 650 | 7. | ‡aSex role-United States | |
| 700 | 1 | . | ‡aTrent, John |
| 910 | . | ‡aABG450 | |
| 901 | . | ‡a58555 ‡bAUTOGEN ‡c58555 ‡tbiblio | |